zpět

Detail výsledku týmu

Antošova Krčma, Slaný

Datum a čas kvízu

26.5 Celkem bodů Celkový počet nahraných bodů na tomto kvízu bez doplňovacích otázek.
2. Pořadí na kvízu Konečné umístění týmu na tomto kvízu.

Zaznamenané odpovědi

# Otázka Odpověď Body Výsledky
1. Ministerstvo obrany minulý týd... Leopard 1
2. Dílo italského umělce Maurizia... banán 1
3. 70letá herečka Pamela Hayden,... Milhouse (Van Houten) 0
4. Jedna evropská automobilka min... Jaguar 1
5. Minulý týden se v Las Vegas de... Max Verstappen 1
6. Začneme ve Sluneční soustavě.... Merkur 0
7. Kolem které planety obíhají mě... kolem Marsu 0
8. Třetí otázka se bude týkat sou... Střelec 0
9. Nyní se podíváme na velmi vzdá... Koňská hlava 0
10. V poslední otázce se podíváme... D) pulsar 1